Coppél-I.A. / (Record no. 137368)

MARC details
000 -CABECERA
campo de control de longitud fija 01789ngm a22004094i 4500
001 - NÚMERO DE CONTROL
campo de control 991061308203206706
003 - IDENTIFICADOR DEL NÚMERO DE CONTROL
campo de control ES-BaIT
005 - FECHA Y HORA DE LA ÚLTIMA TRANSACCIÓN
campo de control 20260413135508.0
008 - DATOS DE LONGITUD FIJA--INFORMACIÓN GENERAL
campo de control de longitud fija 250403s2023 gw ||| |-|||||q|| vleng|c
024 1# - IDENTIFICADOR DE OTROS ESTÁNDARES
Número estándar o código 814337016166
028 40 - NÚMERO DE EDITOR O DISTRIBUIDOR
Número de editor o de distribuidor 808708
Fuente Unitel
040 ## - FUENTE DE LA CATALOGACIÓN
Centro catalogador/agencia de origen ES-BaIT
Lengua de catalogación cat
Normas de descripción rda
Centro/agencia transcriptor ES-BaIT
080 ## - NÚMERO DE LA CLASIFICACIÓN DECIMAL UNIVERSAL
Número de la Clasificación Decimal Universal 793.4(086.8)
130 0# - ENTRADA PRINCIPAL--TÍTULO UNIFORME
Título uniforme Coppél-I.A. (Coreografia)
9 (RLIN) 169252
245 10 - MENCIÓN DE TÍTULO
Título Coppél-I.A. /
Mención de responsabilidad, etc. Les Ballets de Montecarlo ; choreography Jean-Christophe Maillot ; original music and arrangement of Léo Delibes score by Bertrand Maillot
264 #1 - PRODUCCIÓN, PUBLICACIÓN, DISTRIBUCIÓN, FABRICACIÓN Y COPYRIGHT
Producción, publicación, distribución, fabricación y copyright Berlin:
Nombre del de productor, editor, distribuidor, fabricante Unitel,
Fecha de producción, publicación, distribución, fabricación o copyright 2023
300 ## - DESCRIPCIÓN FÍSICA
Extensión 1 videodisc (81 min):
Otras características físicas color, so ;
Dimensiones 19 cm +
Material acompañante/anejo 1 fullet (19 pàgines)
336 ## - TIPO DE CONTENIDO
Término de tipo de contenido imatge en moviment bidimensional
Código de tipo de contenido tdi
Fuente rdacontent
337 ## - TIPO DE MEDIO
Nombre/término del tipo de medio vídeo
Código del tipo de medio v
Fuente rdamedia
338 ## - TIPO DE SOPORTE
Nombre/término del tipo de soporte videodisc
Código del tipo de soporte vd
Fuente rdacarrier
344 ## - CARACTERÍSTICAS DE SONIDO
Tipo de grabación digital
Medio de grabación òptic
Configuración de los canales de reproducción del sonido estèreo
Características especiales de reproducción DTS 5.1
Fuente rda
346 ## - CARACTERÍSTICAS DE VÍDEO
Estándar de emisión NTSC
347 ## - CARACTERÍSTICAS DEL ARCHIVO DIGITAL
Tipo de archivo fitxer vídeo
Formato de codificación DVD vídeo
Codificación regional totes les regions
Fuente rda
500 ## - NOTA GENERAL
Nota general Format de pantalla (16:9)
511 1# - NOTA DE PARTICIPANTES O INTÉRPRETES
Nota de participantes o intérpretes Repartiment: Lou Beyne (Coppél-I.A.), Màtej Urban (Coppélius), Anna Blackwell (Swanilda), Simone Tribuna (Frantz), Mimoza Koike (Swanilda's mother), Lennart Radtke (Lennart)
518 ## - NOTA DE FECHA/HORA Y LUGAR DE UN ACONTECIMIENTO
Nota de fecha/hora y lugar de un acontecimiento Enregistrat en viu al Grimaldi Forum - Salles de Princes de Montecarlo, Mónaco l'any 2022
546 ## - NOTA DE LENGUA/LENGUAJE
Nota de lengua/lenguaje Fullet amb fitxa artística i sinopsi en anglès i alemany
650 04 - PUNTO DE ACCESO ADICIONAL DE MATERIA--TÉRMINO DE MATERIA
Término de materia o nombre geográfico como elemento de entrada Dansa clàssica
Subdivisión general Coreografies
9 (RLIN) 56589
655 #4 - TÉRMINO DE INDIZACIÓN--GÉNERO/FORMA
Datos o término principal de género/forma Dansa filmada
9 (RLIN) 168293
700 ## - ENTRADA AGREGADA--NOMBRE PERSONAL
Nombre de persona Delibes, Léo,
Fechas asociadas al nombre 1836-1891
Término indicativo de función/relación compositor
9 (RLIN) 136774
700 1# - ENTRADA AGREGADA--NOMBRE PERSONAL
Nombre de persona Maillot, Jean-Christophe
Término indicativo de función/relación coreògraf
9 (RLIN) 120616
700 1# - ENTRADA AGREGADA--NOMBRE PERSONAL
Nombre de persona Maillot, Bertrand
Término indicativo de función/relación arranjador de música,
-- compositor
9 (RLIN) 128501
710 2# - ENTRADA AGREGADA--NOMBRE DE ENTIDAD CORPORATIVA
Nombre de entidad corporativa o nombre de jurisdicción como elemento de entrada Ballets de Monte-Carlo
Término indicativo de función/relación ballarí
9 (RLIN) 120617
908 ## - COLOCAR PARÁMETRO DE COMANDO (RLIN)
Colocar parámetro de comando CDMAE
940 ## - EQUIVALENCIA O REFERENCIA-CRUZADA--TÍTULO UNIFORME [OBSOLETO] [solamente CAN/MARC]
Título uniforme <a href="CDMAE">CDMAE</a>
942 ## - ELEMENTOS DE ENTRADA AGREGADA (KOHA)
Fuente del sistema de clasificación o colocación Clasificación decimal universal
Tipo de ítem Koha Vídeo
Holdings
Estado de retiro Estado de pérdida Fuente del sistema de clasificación o colocación Estado dañado No para préstamo Localización permanente Ubicación/localización actual Ubicación en estantería Fecha de adquisición Fuente de adquisición Total de préstamos Signatura topográfica completa Código de barras Fecha visto por última vez Precio válido a partir de Tipo de ítem Koha
    Clasificación decimal universal     Biblioteca Barcelona Biblioteca Barcelona BCN Vídeo 13/04/2026 Donatiu   V-DB COP 1900089802 13/04/2026 13/04/2026 Vídeo

Powered by Koha